Discurso del rector Claudio Elórtegui Raffo con motivo de la cuenta anual Claustro Pleno Ordinario 2010
Guardat en:
| Autor principal: | |
|---|---|
| Format: | Llibre |
| Idioma: | espanyol |
| Publicat: |
Valparaíso
Pontificia Universidad Católica de Valparaíso
2010
|
| Matèries: | |
| Etiquetes: |
Afegir etiqueta
Sense etiquetes, Sigues el primer a etiquetar aquest registre!
|
MARC
| LEADER | 00000cam a2200000 a 4500 | ||
|---|---|---|---|
| 001 | UCG3943 | ||
| 003 | CL-VaPUC | ||
| 008 | 100923e20100813CL |||||||||||||||||spa|d | ||
| 082 | 0 | 4 | |a 378 |b ELO |2 21 |
| 100 | |a Elórtegui Raffo, Claudio Hipólito |e autor |9 746130 | ||
| 245 | 1 | 0 | |a Discurso del rector Claudio Elórtegui Raffo con motivo de la cuenta anual Claustro Pleno Ordinario 2010 |
| 300 | |a 37 p | ||
| 942 | |c BK | ||
| 945 | |d 20100923 00:00:00 |a mfarfan | ||
| 260 | |a Valparaíso |b Pontificia Universidad Católica de Valparaíso |c 2010 | ||
| 650 | 7 | |a CLAUSTRO PLENO PUCV 2010 |2 CL-VaPUC |9 553252 | |
| 583 | |a last modification |c 20130718 01:30:02 |k Rodrigo Vera | ||
| 999 | |c 342881 |d 342879 | ||
| 952 | |0 0 |1 0 |4 0 |6 378_000000000000000_ELO_2010 |7 0 |8 X |9 439560 |a FDOBUD |b FDOBUD |d 2019-11-22 |i 4718925 |o 378 ELO 2010 |p 4718925 |r 2019-11-22 |w 2019-11-22 |y BK_X |k BUD | ||
| 952 | |0 0 |1 0 |4 0 |6 378_000000000000000_ELO_2010 |7 0 |8 X |9 439561 |a FDOBUD |b FDOBUD |d 2019-11-22 |i 4990420 |o 378 ELO 2010 |p 4990420 |r 2019-11-22 |w 2019-11-22 |y BK_X |k FHP | ||